000
00270nam a2200097Ia 4500
008
241105s9999 xx 000 0 und d
041
_a
eng
100
_a
Bhosale Shreya
_9
182549
245
_a
Boutique Hotel At Fort Jaigarh Jaipur
260
_b
Final Year B. Arch, BNCA
_c
2014
999
_c
360838
_d
360838